[Event "Hoogovens-B"]
[Site "Wijk aan Zee"]
[Date "1972.??.??"]
[Round "?"]
[White "Ribli, Zoltan"]
[Black "Medina Garcia, Antonio Angel"]
[Result "1-0"]
[WhiteElo "2505"]
[BlackElo "2380"]

1.e4 e5 2.Nf3 Nc6 3.Bb5 a6 4.Bxc6 dxc6 5.O-O f6 6.d4 exd4 7.Nxd4 c5 8.Nb3 Qxd1
9.Rxd1 Bd7 10.Nc3 O-O-O 11.Bf4 c4 12.Na5 b5 13.Nd5 Bg4 14.f3 Bc5+ 15.Kf1 Bh5
16.Nc6 Rd7 17.Nxc7 Ne7 18.Nxa6 Bb6 19.Rxd7 Kxd7 20.Nab8+ Ke6 21.Rd1 Nc8 22.Rd5 g5
23.Rxb5 Bg6 24.Bg3 h5 25.a4 h4 26.Bf2 Bxf2 27.Kxf2 Nd6 28.Rb6 f5 29.Nd4+  1-0

[Event "EU-chT"]
[Site "Bath"]
[Date "1973.??.??"]
[Round "4"]
[White "Ribli, Zoltan"]
[Black "Whiteley, Andrew J"]
[Result "1/2-1/2"]
[WhiteElo "2525"]
[BlackElo "2340"]

1.Nf3 Nf6 2.g3 g6 3.b3 Bg7 4.Bb2 O-O 5.Bg2 d6 6.d4 e5 7.dxe5 Nfd7 8.O-O dxe5
9.e4 Nc6 10.Qe2 Nb6 11.Rd1 Qf6 12.Na3 a6 13.h3 Be6 14.c4 Rfd8 15.c5 Nd7 16.Rac1 Bf8
17.Qe3 Qe7 18.Nb1 f6 19.Ba3 a5 20.Ne1 Nb4 21.Nd3 Nxc5 22.Nxb4 Rxd1+ 23.Rxd1 axb4
24.Bxb4 Rxa2 25.Nc3 Ra8 26.Rc1 b6 27.Na4 Qf7 28.Bxc5 Bxc5 29.Nxc5 bxc5 30.Rxc5 Rb8
31.Qc1 Rxb3 32.Rxc7 Rb1  1/2-1/2

[Event "EU-chT"]
[Site "Bath"]
[Date "1973.??.??"]
[Round "5"]
[White "Filipowicz, Andrzej"]
[Black "Ribli, Zoltan"]
[Result "0-1"]
[WhiteElo "2420"]
[BlackElo "2525"]

1.e4 c5 2.Nf3 d6 3.d4 cxd4 4.Nxd4 Nf6 5.Nc3 a6 6.f4 Nbd7 7.Bc4 e6 8.a4 Qa5
9.Qe2 Be7 10.Nb3 Qc7 11.O-O b6 12.Kh1 Bb7 13.Nd4 O-O 14.Bd2 Rfe8 15.Ba2 Rad8
16.b4 a5 17.Ncb5 Qb8 18.bxa5 bxa5 19.Bxa5 Rc8 20.Bb4 Bxe4 21.c3 Nc5 22.Bb1 Bb7
23.c4 Bf8 24.Nf3 d5 25.Ne5 dxc4 26.Nxc4 Ba6 27.Bxc5 Rxc5 28.Bd3 Nd5 29.Qe4 g6
30.Ne5 f5 31.Qf3 Rd8 32.Rfe1 Bg7 33.Rab1 Nxf4 34.Nc6 Rxc6 35.Qxc6 Bb7 36.Na7 Bxc6
37.Nxc6 Qa8  0-1

[Event "HUN-ch"]
[Site "?"]
[Date "1973.??.??"]
[Round "?"]
[White "Honfi, Karoly"]
[Black "Ribli, Zoltan"]
[Result "1/2-1/2"]
[WhiteElo "2445"]
[BlackElo "2525"]

1.Nf3 g6 2.c4 Bg7 3.Nc3 c5 4.g3 Nc6 5.Bg2 e6 6.O-O Nge7 7.d3 O-O 8.Bf4 e5
9.Bd2 a6 10.Qc1 Rb8 11.Bh6 b5 12.Bxg7 Kxg7 13.Nd2 d6 14.b3 Be6 15.Qb2 Qd7
16.Rad1 f6 17.Nde4 h6 18.e3 f5 19.Nd2 Kh7 20.f4 exf4 21.gxf4 d5 22.cxd5 Nxd5
23.Nxd5 Bxd5 24.Nf3 Rbe8 25.e4 Be6  1/2-1/2

[Event "HUN-ch"]
[Site "?"]
[Date "1973.??.??"]
[Round "?"]
[White "Ribli, Zoltan"]
[Black "Petran, Pal"]
[Result "1-0"]
[WhiteElo "2525"]
[BlackElo "2200"]

1.c4 Nf6 2.Nc3 g6 3.d4 Bg7 4.e4 O-O 5.Be3 d6 6.f3 e5 7.d5 Nh5 8.Qd2 Nd7 9.g4 Nf4
10.h4 f5 11.exf5 gxf5 12.g5 Nh5 13.Nge2 Rf7 14.O-O-O Nf8 15.f4 Bd7 16.Bg2 e4
17.Rh3 b5 18.cxb5 a6 19.bxa6 Rxa6 20.Nd4 Ng6 21.Rf1 Qa8 22.Kb1 c5 23.dxc6 Bxd4
24.Qxd4 Be6 25.a3 Qxc6 26.Na2 Qc4 27.Nb4 Qxd4 28.Bxd4 Ra8 29.Be3 Bc4 30.Rf2 d5
31.Bf1 Bxf1 32.Rxf1 d4 33.Bxd4 Ngxf4 34.Rh2 Ne6 35.Bc3 f4 36.Nd5 e3 37.Rg2 Rd8
38.Nf6+ Rxf6  1-0

[Event "HUN-ch"]
[Site "?"]
[Date "1973.??.??"]
[Round "?"]
[White "Ribli, Zoltan"]
[Black "Hazai, Laszlo"]
[Result "1-0"]
[WhiteElo "2525"]
[BlackElo "2200"]

1.c4 g6 2.d4 Bg7 3.e4 d6 4.Nc3 Nf6 5.f3 O-O 6.Be3 e5 7.d5 Nh5 8.Qd2 f5 9.O-O-O Nd7
10.exf5 gxf5 11.Bd3 e4 12.fxe4 f4 13.Bf2 Ne5 14.Nf3 Qe7 15.Rhe1 Nf6 16.Bh4 Qe8
17.Nb5 Rf7 18.Kb1 Nfg4 19.Ng5 Ne3 20.Nxf7 Nxd3 21.Qxd3 Nxd1 22.Nh6+ Bxh6
23.Qxd1 Qf7 24.Bf2 a6 25.Nd4 Bg7 26.Nf3 Bg4 27.Bd4 Re8 28.Bxg7 Qxg7 29.Qd2 Qf6
30.a3 c5 31.dxc6 bxc6 32.Qd4 Qxd4 33.Nxd4 c5 34.Nf3 Kf7 35.Kc2 Kf6 36.Kc3 a5
37.Rd1 Rxe4 38.Rxd6+ Be6 39.Ra6 Rxc4+ 40.Kd3 Ra4 41.Rc6 Ke7  1-0

[Event "HUN-ch"]
[Site "?"]
[Date "1973.??.??"]
[Round "?"]
[White "Ribli, Zoltan"]
[Black "Forintos, Gyozo V"]
[Result "1/2-1/2"]
[WhiteElo "2525"]
[BlackElo "2460"]

1.c4 g6 2.e4 Bg7 3.d4 c5 4.Nf3 d6 5.Nc3 Nf6 6.Be2 O-O 7.O-O Na6 8.Be3 Bd7
9.Qd2 Ng4 10.Bg5 f6 11.Bh4 Bh6 12.Qd1 cxd4 13.Nxd4 Ne5 14.Kh1 Nc6 15.f4 Nc5
16.Bg3 Nxd4 17.Qxd4 Bc6 18.Rad1 Qe8 19.b4 Ne6 20.Qd3 b6 21.Qc2 Kh8 22.Qb3 Ng7
23.f5 gxf5 24.exf5 Nh5 25.Bxh5 Qxh5 26.Nd5 Rf7 27.Rfe1 Rg8 28.Kg1 Bxd5 29.Rxd5 Rfg7
30.Re4 Rf7 31.Qa4 Qg5 32.Kf2 Qc1 33.Qb3 Rc8 34.h4 Bf8 35.c5 Rg7 36.Rd1 Qh6
37.Qe6 Rc7 38.Rc4 bxc5 39.bxc5 Qh5 40.Rd3 Rxc5 41.Rxc5 dxc5 42.Rd8 Rg8 43.Bf4 Qxh4+
44.g3 Qh2+ 45.Ke1 Qh5 46.Rc8 Qh1+ 47.Kf2 Qh2+ 48.Ke1 Qh1+ 49.Kf2 Qh2+ 50.Ke1  1/2-1/2

[Event "HUN-ch"]
[Site "?"]
[Date "1973.??.??"]
[Round "?"]
[White "Ribli, Zoltan"]
[Black "Eperjesi, Laszlo"]
[Result "1-0"]
[WhiteElo "2525"]
[BlackElo "2200"]

1.c4 c5 2.g3 Nc6 3.Bg2 g6 4.Nc3 Bg7 5.a3 a5 6.d3 e5 7.Nf3 Nge7 8.O-O O-O
9.Rb1 Rb8 10.Ne1 d6 11.Nc2 Be6 12.b4 b6 13.Bd2 cxb4 14.axb4 d5 15.cxd5 Nxd5
16.bxa5 bxa5 17.Rxb8 Nxb8 18.Ne4 Na6 19.Na3 Ndb4 20.Qa1 Bd5 21.Bc3 f5 22.Nd2 Bxg2
23.Kxg2 Qd5+ 24.Nf3 Nc6 25.Nc4 Nab4 26.Nxe5 Nc2 27.Nxc6 Qxc6 28.Qa2+ Rf7
29.Bxg7 Kxg7 30.Qxa5 Re7 31.Qd2 Kg8 32.Rc1 Rc7 33.Kg1  1-0

[Event "HUN-ch"]
[Site "?"]
[Date "1973.??.??"]
[Round "?"]
[White "Ribli, Zoltan"]
[Black "Dely, Peter"]
[Result "1-0"]
[WhiteElo "2525"]
[BlackElo "2480"]

1.c4 g6 2.e4 Bg7 3.d4 d6 4.Nc3 Nc6 5.Be3 Nf6 6.f3 a6 7.Nge2 Rb8 8.Nc1 e5
9.Nb3 exd4 10.Nxd4 O-O 11.Qd2 Ne5 12.Rd1 Bd7 13.Be2 Re8 14.O-O c5 15.Nc2 Be6
16.b3 Qa5 17.a3 Qb6 18.Rb1 Qc6 19.a4 Qc7 20.Rfd1 Rbd8 21.Bg5 Nc6 22.Ne3 Rd7
23.f4 Nd4 24.Bd3 Ng4 25.f5  1-0

[Event "HUN-ch"]
[Site "?"]
[Date "1973.??.??"]
[Round "?"]
[White "Ribli, Zoltan"]
[Black "Bilek, Istvan"]
[Result "1-0"]
[WhiteElo "2525"]
[BlackElo "2500"]

1.c4 e5 2.Nc3 d6 3.Nf3 f5 4.d4 e4 5.Nd2 Nf6 6.e3 c6 7.Be2 Be7 8.f3 d5 9.Qb3 O-O
10.cxd5 cxd5 11.fxe4 fxe4 12.Ndxe4 Nxe4 13.Nxe4 Nc6 14.Bd2 Kh8 15.Nf2 Na5
16.Qa4 b6 17.O-O Bd7 18.Qd1 Bd6 19.g3 Nc4 20.Bxc4 dxc4 21.e4 b5 22.Qe2 Re8
23.Rad1 Rc8 24.d5 b4 25.Be3 Qa5 26.Bd4 c3 27.Qe3 Re7 28.Nd3 c2 29.Rc1 Bb5
30.Rxc2 Rce8 31.Rcf2 Kg8 32.Qf3 h6 33.e5 Bxe5 34.Nxe5 Bxf1 35.Nc6 Bh3 36.Nxe7+ Rxe7
37.Qf8+  1-0

[Event "HUN-ch"]
[Site "?"]
[Date "1973.??.??"]
[Round "?"]
[White "Nagy, E."]
[Black "Ribli, Zoltan"]
[Result "1/2-1/2"]
[WhiteElo "2455"]
[BlackElo "2525"]

1.e4 c5 2.Nf3 e6 3.d4 cxd4 4.Nxd4 Nf6 5.Nc3 d6 6.Be2 Be7 7.Be3 a6 8.a4 Nc6
9.O-O O-O 10.f4 Qc7 11.Qe1 Bd7 12.Qf2 Rfb8 13.a5 Nxa5 14.Nxe6 Bxe6 15.Bb6 Qc6
16.Rxa5 Bd8 17.Bxd8 Rxd8 18.Qd4 Rac8 19.Rg5 h6 20.Rg3 Kf8 21.Rd1 b5 22.f5 Bc4
23.Bf3 Qc5 24.Qxc5 Rxc5 25.Rd4 Rcc8 26.Bd1 Re8 27.Re3 a5 28.b3 b4 29.Na4 Bb5
30.Nb6 Rc6 31.Nd5 Nxd5 32.Rxd5 Re5 33.Be2 Bxe2 34.Rxe5 dxe5 35.Rxe2 Ke7 36.Kf2 Rd6
37.Ke3 Rd1 38.Rf2 Kd6 39.Rd2+ Rxd2 40.Kxd2 Kc5 41.Kd3 Kb5 42.c4+ bxc3 43.Kxc3 Kc5
44.g4 Kb5 45.Kd3 Kb4 46.Kc2  1/2-1/2

[Event "HUN-ch"]
[Site "?"]
[Date "1973.??.??"]
[Round "?"]
[White "Lengyel, Levente"]
[Black "Ribli, Zoltan"]
[Result "1/2-1/2"]
[WhiteElo "2450"]
[BlackElo "2525"]

1.Nf3 Nf6 2.g3 g6 3.Bg2 Bg7 4.d4 O-O 5.c4 d6 6.Nc3 a6 7.O-O Nc6 8.d5 Na5
9.Nd2 c5 10.Qc2 Rb8 11.b3 b5 12.Bb2 bxc4 13.bxc4 Bh6 14.f4 e5 15.e3 exf4
16.gxf4 Bg7 17.Rae1 Nh5 18.Nd1 Bf5 19.Be4 Bxb2 20.Nxb2 Qf6 21.Nd3 Rfe8 22.Bxf5 Qxf5
23.e4 Qg4+ 24.Kh1 Ng3+  1/2-1/2

[Event "HUN-ch"]
[Site "?"]
[Date "1973.??.??"]
[Round "?"]
[White "Horvath, Gyula"]
[Black "Ribli, Zoltan"]
[Result "0-1"]
[WhiteElo "2200"]
[BlackElo "2525"]

1.e4 c5 2.Nf3 e6 3.Nc3 a6 4.g3 d6 5.Bg2 Nf6 6.O-O Be7 7.e5 dxe5 8.Nxe5 O-O
9.d3 Nbd7 10.Nc4 Nb6 11.Nxb6 Qxb6 12.Nb1 Rd8 13.Nd2 Nd5 14.Re1 Qc7 15.a4 Ra7
16.a5 b5 17.axb6 Nxb6 18.Qe2 a5 19.Nf3 Bb7 20.Ne5 Bxg2 21.Kxg2 Bd6 22.Qe4 Rc8
23.Nc4 Nxc4 24.Qxc4 Rb8 25.c3 h6 26.Ra2 Rab7 27.Qg4 Kh8 28.Qa4 Rb5 29.Qh4 Kh7
30.Qe4+ Kg8 31.Qg4 Kh7 32.Qe4+ g6 33.Qe3 Bf8 34.Qe4 Rd8 35.Bf4 Qb6 36.Re2 Bg7
37.h4 e5 38.Bc1 f5 39.Qc4 Qc6+ 40.f3 Qd7 41.Rd2 Bf6 42.Rd1 Rdb8 43.Re1 R8b6
44.Rd1 Qb7 45.h5 gxh5 46.Rh1 Bg5 47.Rxh5 Bxc1 48.Rxf5 Kg7  0-1

[Event "DSV-Turnier"]
[Site "Leipzig"]
[Date "1973.??.??"]
[Round "1"]
[White "Ribli, Zoltan"]
[Black "Liebert, Heinz"]
[Result "1-0"]
[WhiteElo "2525"]
[BlackElo "2485"]

1.c4 Nf6 2.Nc3 e6 3.Nf3 Bb4 4.g3 O-O 5.Bg2 d5 6.Qb3 Nc6 7.O-O d4 8.Na4 Be7
9.a3 e5 10.d3 h6 11.Nd2 Qd7 12.c5 b6 13.Qc4 Bb7 14.b4 Na5 15.bxa5 Bxg2 16.Kxg2 Qc6+
17.e4 b5 18.Qc2 bxa4 19.Nf3 Nd7 20.Bd2 f5 21.Bb4 fxe4 22.dxe4 Rf7 23.Nd2 Raf8
24.f3 Rf6 25.Rac1 Re6 26.Qc4 Bg5 27.Rc2 Bxd2 28.Bxd2 Nf6 29.Rb2 a6 30.Rfb1 Kh8
31.Rb6 cxb6 32.Rxb6 Rfe8 33.Rxc6 Rxc6 34.g4 Rec8 35.Bb4 Rd8 36.Kf2 d3 37.Ke3 Kh7
38.Kd2 Rd4 39.Qf7 Nd7 40.Bc3 Rf6 41.Qxf6 Nxf6 42.Bxd4 exd4 43.Kxd3 Kg8 44.c6 Ne8
45.f4 Kf7 46.e5 Nc7 47.Kxd4 Ke7 48.f5 Kd8 49.Kc5 Nb5 50.f6  1-0

[Event "DSV-Turnier"]
[Site "Leipzig"]
[Date "1973.??.??"]
[Round "2"]
[White "Garcia Gonzales, Guillermo"]
[Black "Ribli, Zoltan"]
[Result "1/2-1/2"]
[WhiteElo "2470"]
[BlackElo "2525"]

1.c4 g6 2.Nc3 c5 3.g3 Bg7 4.Bg2 Nc6 5.Nf3 e6 6.O-O Nge7 7.e3 Nf5 8.d3 O-O
9.e4 Nfd4 10.Nxd4 Nxd4 11.Rb1 d6 12.a3 a5 13.Be3 b6 14.b4 axb4 15.axb4 Bb7
16.Qd2 Bc6 17.Ne2 Nxe2+ 18.Qxe2 Ra4 19.bxc5 bxc5 20.h4 Qa5 21.Rfd1 h5 22.Bd2 Qa7
23.g4 hxg4 24.Qxg4 Rb8 25.h5 Rxb1 26.Rxb1 Ra1 27.Rxa1 Qxa1+ 28.Bf1 gxh5 29.Qxh5 Kf8
30.Bf4 Ke7 31.Qg5+ Bf6  1/2-1/2

[Event "DSV-Turnier"]
[Site "Leipzig"]
[Date "1973.??.??"]
[Round "3"]
[White "Ribli, Zoltan"]
[Black "Lutikov, Anatoly S"]
[Result "1/2-1/2"]
[WhiteElo "2525"]
[BlackElo "2520"]

1.Nf3 g6 2.d4 Bg7 3.c4 Nf6 4.g3 O-O 5.Bg2 d6 6.Nc3 Nbd7 7.O-O e5 8.e4 c6
9.Rb1 a6 10.Qc2 b5 11.Rd1 Qc7 12.dxe5 dxe5 13.b4 Nb6 14.Nd2 Bg4 15.f3 Be6
16.c5 Nc4  1/2-1/2

[Event "DSV-Turnier"]
[Site "Leipzig"]
[Date "1973.??.??"]
[Round "4"]
[White "Vogt, Lothar"]
[Black "Ribli, Zoltan"]
[Result "0-1"]
[WhiteElo "2440"]
[BlackElo "2525"]

1.Nf3 g6 2.e4 d6 3.d4 Bg7 4.Nc3 Nf6 5.Bc4 O-O 6.Bb3 Nc6 7.h3 Na5 8.O-O Nxb3
9.axb3 c6 10.Qe2 b6 11.e5 dxe5 12.dxe5 Nd5 13.Ne4 a5 14.c4 Nb4 15.Rd1 Qc7
16.Bf4 Bf5 17.Bg3 Qc8 18.Bh4 Ra7 19.Nc3 Rd8 20.Na4 Bd3 21.Qd2 Qc7 22.Rac1 Raa8
23.Qe3 c5 24.Nc3 Rd7 25.e6 fxe6 26.Qxe6+ Kh8 27.Ng5 h6 28.Bg3 Qb7 29.Nf7+ Kh7
30.Nd5 Bf5 31.Qxb6 Bxb2 32.Qxc5 Bxc1 33.Ne5 Rc8 34.Qxa5 Nc6 35.Nxc6 Qxc6
36.Rxc1 Rxd5  0-1

[Event "DSV-Turnier"]
[Site "Leipzig"]
[Date "1973.??.??"]
[Round "5"]
[White "Ribli, Zoltan"]
[Black "Atanasov, Gospodin"]
[Result "0-1"]
[WhiteElo "2525"]
[BlackElo "2440"]

1.Nf3 Nf6 2.g3 g6 3.c4 Bg7 4.d4 O-O 5.Bg2 c5 6.Nc3 Nc6 7.d5 Na5 8.Nd2 d6
9.O-O a6 10.Qc2 Bd7 11.b3 b5 12.Bb2 Rb8 13.Rab1 Bh6 14.f4 bxc4 15.bxc4 Rb4
16.a3 Rb7 17.Ba1 Bg7 18.Na2 Qc7 19.Rxb7 Nxb7 20.Rb1 Bc8 21.Bc3 e5 22.Qb2 Ng4
23.Nc1 f6 24.Nd3 Qe7 25.e4 h5 26.Bf3 Nd8 27.Qb6 Qd7 28.h3 Ne3 29.Nf2 Bh6
30.f5 gxf5 31.exf5 Qxf5 32.Qc7 Nf7 33.h4 Qg6 34.Kh2 Nxc4 35.Nde4 Bg4 36.Bxg4 hxg4
37.Nxg4 Bg7 38.Ngf2 f5 39.Nd2 Nxa3 40.Rb3 Nb5 41.Qc6 e4 42.Bxg7 Qxg7 43.Qd7 Nd4
44.Ra3 Qh6 45.Nc4 Nf3+ 46.Kg2 Qc1 47.Nxe4 fxe4  0-1

[Event "DSV-Turnier"]
[Site "Leipzig"]
[Date "1973.??.??"]
[Round "7"]
[White "Ribli, Zoltan"]
[Black "Uhlmann, Wolfgang"]
[Result "1/2-1/2"]
[WhiteElo "2525"]
[BlackElo "2560"]

1.Nf3 Nf6 2.g3 g6 3.b3 Bg7 4.Bb2 O-O 5.Bg2 d5 6.c4 c6 7.O-O Bg4 8.d4 Qc8
9.Re1 Bh3 10.Bh1 Qf5 11.Nbd2 Nbd7 12.Rc1 e6 13.b4 Bh6 14.e3 Ng4 15.a4 Rfe8
16.Qe2 Qh5 17.b5 Rac8 18.Bg2 Ndf6 19.Bxh3 Qxh3 20.Qf1 Qxf1+ 21.Kxf1 Ne4 22.Nxe4 dxe4
23.Nd2 Nxh2+ 24.Kg2 Nf3 25.Nxf3 exf3+ 26.Kxf3 Bg7 27.Red1 e5 28.Ke2 exd4
29.Bxd4 Bxd4 30.Rxd4 Rc7 31.Rcd1 Ree7 32.Rd8+ Kg7 33.R1d4 b6 34.Kd3 a6 35.R8d6 axb5
36.axb5 cxb5 37.cxb5 Rb7 38.Rc6 Re5 39.Kc4 Rf5 40.f4 Rh5 41.e4 Rh1 42.Rd3 Rc1+
43.Rc3 Rf1 44.Rc8  1/2-1/2

[Event "DSV-Turnier"]
[Site "Leipzig"]
[Date "1973.??.??"]
[Round "11"]
[White "Ribli, Zoltan"]
[Black "Hennings, Artur"]
[Result "1-0"]
[WhiteElo "2525"]
[BlackElo "2435"]

1.c4 Nf6 2.Nc3 e6 3.d4 d5 4.Bg5 Be7 5.e3 O-O 6.Rc1 Nbd7 7.Nf3 a6 8.a4 h6
9.Bh4 c6 10.Bd3 dxc4 11.Bxc4 b5 12.Bd3 b4 13.Bxf6 gxf6 14.Ne4 f5 15.Ng3 c5
16.e4 cxd4 17.exf5 e5 18.Rc6 Nf6 19.Qc1 Kh7 20.Nxe5 Bb7 21.Rc7 Bxg2 22.Rg1 Bd6
23.Nh5 Qxc7 24.Nxf6+ Kg7 25.Nh5+  1-0

[Event "DSV-Turnier"]
[Site "Leipzig"]
[Date "1973.??.??"]
[Round "12"]
[White "Hort, Vlastimil"]
[Black "Ribli, Zoltan"]
[Result "1/2-1/2"]
[WhiteElo "2590"]
[BlackElo "2525"]

1.Nf3 Nf6 2.d4 e6 3.g3 b6 4.c4 Bb7 5.Bg2 Be7 6.O-O O-O 7.Nc3 Ne4 8.Nxe4 Bxe4
9.Ne1 Bxg2 10.Nxg2 d5 11.Qa4  1/2-1/2

[Event "DSV-Turnier"]
[Site "Leipzig"]
[Date "1973.??.??"]
[Round "13"]
[White "Ribli, Zoltan"]
[Black "Jansa, Vlastimil"]
[Result "1/2-1/2"]
[WhiteElo "2525"]
[BlackElo "2475"]

1.g3 g6 2.Bg2 Bg7 3.c4 c5 4.Nc3 Nc6 5.e3 e6 6.Nge2 Nge7 7.O-O O-O 8.d4 cxd4
9.Nxd4 d5 10.cxd5 Nxd4 11.exd4 Nxd5 12.Nxd5 exd5 13.Qb3  1/2-1/2

[Event "DSV-Turnier"]
[Site "Leipzig"]
[Date "1973.??.??"]
[Round "15"]
[White "Schmidt, Wlodzimierz"]
[Black "Ribli, Zoltan"]
[Result "1-0"]
[WhiteElo "2455"]
[BlackElo "2525"]

1.c4 e5 2.Nc3 Nc6 3.g3 g6 4.Bg2 Bg7 5.e4 Nge7 6.Nge2 d6 7.d3 Be6 8.O-O O-O
9.Nd5 f5 10.Be3 Qd7 11.Qd2 Rf7 12.Rae1 Raf8 13.f4 Nd4 14.fxe5 dxe5 15.Nxd4 exd4
16.Bg5 Nc8 17.e5 c6 18.Nf6+ Bxf6 19.exf6 Re8 20.Re5 Rff8 21.Rfe1 Nd6 22.Qe2 Nf7
23.Rxe6 Rxe6 24.Qxe6 Qxe6 25.Rxe6 Nxg5 26.Re7 Rxf6 27.Rxb7 Re6 28.Rxa7 Re3
29.Ra3 Nf7 30.b4 Ne5 31.b5 cxb5 32.cxb5 Ng4 33.Bd5+ Kg7 34.b6 Re1+ 35.Kg2 Ne3+
36.Kf2 Rf1+ 37.Ke2 Rb1 38.Bb3 Rh1 39.Ra7+  1-0

[Event "IBM"]
[Site "Amsterdam"]
[Date "1974.??.??"]
[Round "7"]
[White "Ribli, Zoltan"]
[Black "Kaplan, Julio P"]
[Result "1/2-1/2"]
[WhiteElo "2525"]
[BlackElo "2460"]

1.c4 g6 2.d4 Bg7 3.Nf3 Nf6 4.g3 O-O 5.Bg2 c5 6.Nc3 cxd4 7.Nxd4 Nc6 8.O-O Nxd4
9.Qxd4 d6 10.Qd3 Bf5 11.e4 Be6 12.Bd2 Nd7 13.b3 a6 14.Rfd1 Ne5 15.Qe2 b5
16.cxb5 axb5 17.Qxb5 Bg4 18.Rdc1 f5 19.exf5 Ra5 20.Qb7 Nd3 21.Nd5 Nxc1 22.Rxc1 Rxa2
23.Bg5 Qa5 24.Qxe7 Rxf2 25.Kxf2 Bd4+ 26.Kf1 Bxf5 27.Be3 Be4+ 28.Kg1 Qxd5
29.Bxe4 Bxe3+ 30.Kh1 Qe5 31.Qxe5 dxe5 32.Kg2 Rd8 33.Rc7 Bb6 34.Rb7 Bd4 35.b4 Rd6
36.b5 Rb6 37.Bd5+ Kf8 38.Rf7+ Kg8 39.Rd7+ Kh8 40.Bc6 Rb8 41.Kf3 Rf8+ 42.Ke4 Rf2
43.Rxd4 exd4 44.b6 Rxh2 45.b7 Rb2 46.Kxd4 h5 47.Kc5 Rxb7 48.Bxb7 g5 49.Kd4 g4  1/2-1/2

[Event "IBM"]
[Site "Amsterdam"]
[Date "1974.??.??"]
[Round "9"]
[White "Ribli, Zoltan"]
[Black "Geller, Efim P"]
[Result "1/2-1/2"]
[WhiteElo "2525"]
[BlackElo "2610"]

1.c4 Nf6 2.Nf3 b6 3.g3 Bb7 4.Bg2 g6 5.b3 Bg7 6.Bb2 O-O 7.O-O d6 8.d4 Nbd7
9.Nc3 Ne4 10.Qc2 Nxc3 11.Bxc3 Nf6 12.Rfe1 Be4 13.Qb2 c6 14.a4 a5  1/2-1/2

[Event "IBM"]
[Site "Amsterdam"]
[Date "1974.??.??"]
[Round "11"]
[White "Ribli, Zoltan"]
[Black "Langeweg, Kick"]
[Result "1-0"]
[WhiteElo "2525"]
[BlackElo "2390"]

1.c4 Nf6 2.Nf3 e6 3.b3 d5 4.Bb2 Be7 5.g3 O-O 6.Bg2 c5 7.O-O Nc6 8.cxd5 Nxd5
9.Nc3 Nxc3 10.Bxc3 Bd7 11.Qc1 Rc8 12.Qb2 Bf6 13.d4 cxd4 14.Nxd4 Nxd4 15.Bxd4 Bc6
16.Bxf6 Qxf6 17.Qxf6 gxf6 18.Rac1 Bxg2 19.Kxg2 Rfd8 20.a4 Rxc1 21.Rxc1 Rd7
22.Kf3 Kg7 23.Ke3 f5 24.Rc4 Kf6 25.Rh4 Rd1 26.Rc4 Rd7 27.b4 b6 28.Rd4 Rxd4
29.Kxd4 Ke7 30.e4 Kd6 31.e5+ Kc6 32.Kc4 a5 33.f3 axb4 34.Kxb4 Kc7 35.Kb5 Kb7
36.h3 h5 37.f4 Ka7 38.Kc6 Ka6 39.Kc7 Ka7 40.h4 Ka6 41.Kb8  1-0

[Event "IBM"]
[Site "Amsterdam"]
[Date "1974.??.??"]
[Round "15"]
[White "Ribli, Zoltan"]
[Black "Planinec, Albin"]
[Result "1/2-1/2"]
[WhiteElo "2525"]
[BlackElo "2545"]

1.c4 b6 2.b3 Bb7 3.Bb2 e6 4.Nf3 Nf6 5.g3 Bxf3 6.exf3 c5 7.d4 cxd4 8.Qxd4 Nc6
9.Qd2 d5 10.cxd5 Bb4 11.Nc3 Nxd5 12.Bb5 Rc8 13.a3 Bxc3 14.Bxc3 O-O 15.Bb2 Na5
16.Qd3 Nc3 17.Rc1 Nxb5 18.Qxb5 Qd5 19.Qxd5 exd5 20.Rxc8 Rxc8 21.b4 Nc4 22.Bc1 Ne5
23.Ke2 d4 24.f4 d3+ 25.Kd2 Ng4 26.f3 Nxh2 27.Kxd3 Nxf3 28.Be3 Rd8+ 29.Kc3 Re8
30.Kd3 f5 31.a4 Re4 32.Rb1 Nh2 33.a5 Re6  1/2-1/2

[Event "HUN-ch"]
[Site "?"]
[Date "1974.??.??"]
[Round "?"]
[White "Dely, Peter"]
[Black "Ribli, Zoltan"]
[Result "0-1"]
[WhiteElo "2470"]
[BlackElo "2525"]

1.e4 c5 2.g3 Nc6 3.Bg2 g6 4.Nf3 Bg7 5.O-O e5 6.d3 Nge7 7.Be3 d6 8.Qd2 O-O
9.Bh6 Bxh6 10.Qxh6 f6 11.Qd2 Be6 12.c4 a6 13.Nc3 b5 14.b3 Rb8 15.Nd5 Kg7
16.Nxe7 Qxe7 17.Ne1 bxc4 18.bxc4 Qc7 19.f4 Qa5 20.Qxa5 Nxa5 21.Rf2 Nc6 22.Bf3 Rb6
23.Bd1 Rfb8 24.Bc2 a5 25.Kg2 Nd4 26.Rd2 Rb2 27.Kf2 exf4 28.gxf4 f5 29.exf5 Bxf5  0-1

[Event "HUN-ch"]
[Site "?"]
[Date "1974.??.??"]
[Round "?"]
[White "Ribli, Zoltan"]
[Black "Horvath, Tamas"]
[Result "1-0"]
[WhiteElo "2525"]
[BlackElo "2280"]

1.Nf3 g6 2.c4 Bg7 3.d4 f5 4.g3 Nf6 5.Bg2 O-O 6.O-O d6 7.Nc3 Nc6 8.d5 Na5
9.Qa4 c5 10.dxc6 Nxc6 11.Rd1 Bd7 12.c5 dxc5 13.Qc4+ Kh8 14.Qxc5 Qe8 15.Bf4 Rc8
16.Qe3 Ne4 17.Nxe4 fxe4 18.Nh4 Bxb2 19.Rab1 e5 20.Rxb2 exf4 21.gxf4 Rc7 22.Bxe4 Qf7
23.Qc3+ Kg8 24.e3 Be6 25.Nf3 Rd8 26.Rbd2 Nd4 27.Qa3 Ne2+ 28.Kf1 Rxd2 29.Rxd2 Bc4
30.Rxe2 Qd7 31.Ke1 Bxe2 32.Kxe2 Qb5+ 33.Bd3 Rc2+ 34.Nd2  1-0

[Event "HUN-ch"]
[Site "?"]
[Date "1974.??.??"]
[Round "?"]
[White "Hazai, Laszlo"]
[Black "Ribli, Zoltan"]
[Result "0-1"]
[WhiteElo "2420"]
[BlackElo "2525"]

1.e4 c5 2.Nf3 e6 3.d3 Nc6 4.g3 d5 5.Nbd2 Bd6 6.Bg2 Nge7 7.O-O O-O 8.Re1 Qc7
9.c3 Bd7 10.Qe2 f6 11.a3 a5 12.a4 Rae8 13.Nh4 g5 14.Nhf3 h6 15.h3 Qd8 16.Nf1 f5
17.N3h2 Kg7 18.exf5 exf5 19.Bd2 f4 20.d4 Nf5 21.Qd3 c4 22.Qf3 fxg3 23.fxg3 Nfxd4
24.Qxd5 Be6 25.Rxe6 Nxe6 26.Be3 Qc7 27.Qxc4 Bxg3 28.b4 Bxh2+ 29.Nxh2 Qg3
30.Qd3 Nf4  0-1

[Event "HUN-ch"]
[Site "?"]
[Date "1974.??.??"]
[Round "?"]
[White "Ribli, Zoltan"]
[Black "Honfi, Karoly"]
[Result "1-0"]
[WhiteElo "2525"]
[BlackElo "2470"]

1.Nf3 Nf6 2.g3 g6 3.Bg2 Bg7 4.O-O O-O 5.c4 d5 6.cxd5 Nxd5 7.Nc3 Nc6 8.Nxd5 Qxd5
9.d3 Qh5 10.Qb3 Rb8 11.Be3 Be6 12.Qa3 Rfd8 13.Rac1 Rd5 14.Bd2 Bh3 15.Rc4 Bxg2
16.Kxg2 g5 17.h3 Rb5 18.b4 Rd8 19.Qc1 Ne5 20.Rxc7 Nxf3 21.Rc8 Rd5 22.exf3 h6
23.Qc7 Rxc8 24.Qxc8+ Kh7 25.Qxb7 Rxd3 26.Be3 Ra3 27.Qxe7 Rxa2 28.Bxa7 Qg6
29.Bc5 Rb2 30.Rd1  1-0

[Event "HUN-ch"]
[Site "?"]
[Date "1974.??.??"]
[Round "?"]
[White "Tompa, Janos"]
[Black "Ribli, Zoltan"]
[Result "1/2-1/2"]
[WhiteElo "2420"]
[BlackElo "2525"]

1.e4 c5 2.Nf3 e6 3.d4 cxd4 4.Nxd4 Nf6 5.Nc3 d6 6.Be2 Be7 7.O-O O-O 8.f4 Nc6
9.Be3 Bd7 10.Qe1 Nxd4 11.Bxd4 Bc6 12.Bd3 Nd7 13.Qg3 e5 14.Be3 exf4 15.Bxf4 Qb6+
16.Kh1 Qxb2 17.Nd5 Bxd5 18.exd5 Nc5 19.Rae1 Nxd3 20.Rxe7 Nxf4 21.Qxf4 Qxc2
22.Rxb7 Qd3 23.Qf3 Qxf3 24.Rxf3 Rab8 25.Rfb3 Rxb7 26.Rxb7 Rc8 27.Kg1 Kf8
28.Rxa7 Rc5 29.Kf2 Rxd5 30.a4 g6 31.a5 h5 32.a6 Ra5 33.Ra8+ Ke7 34.a7 h4
35.h3 Ra3 36.Ke2 d5 37.Kd2 Kf6 38.Ke2 Kf5 39.Rd8 Rxa7 40.Rxd5+ Kf4 41.Rd3 Ra2+
42.Kf1 f5 43.Kg1 g5 44.Rb3 Re2 45.Kh2 g4 46.hxg4 fxg4 47.Rb4+ Kf5 48.Rb5+ Re5
49.Rb1 Re4 50.Ra1 Re2 51.Ra5+ Kf4 52.Ra4+ Re4 53.Ra1 Ke3 54.Ra8 Ke2 55.Ra2+ Kf1
56.Ra1+ Kf2 57.Ra2+ Re2 58.Ra4 g3+ 59.Kh3 Re1  1/2-1/2

[Event "HUN-ch"]
[Site "?"]
[Date "1974.??.??"]
[Round "?"]
[White "Sapi, Laszlo"]
[Black "Ribli, Zoltan"]
[Result "0-1"]
[WhiteElo "2410"]
[BlackElo "2525"]

1.d4 Nf6 2.c4 g6 3.Nf3 Bg7 4.g3 d5 5.cxd5 Nxd5 6.Bg2 Nb6 7.Nc3 Nc6 8.e3 O-O
9.O-O e5 10.d5 Ne7 11.e4 Bg4 12.h3 Bxf3 13.Bxf3 c6 14.Qb3 cxd5 15.Nxd5 Nbxd5
16.exd5 Nf5 17.Qxb7 Nd4 18.Bg2 Qd6 19.f4 e4 20.f5 Rfb8  0-1

[Event "HUN-ch"]
[Site "?"]
[Date "1974.??.??"]
[Round "?"]
[White "Ribli, Zoltan"]
[Black "Szilagyi, Peter"]
[Result "1-0"]
[WhiteElo "2525"]
[BlackElo "2420"]

1.Nf3 Nf6 2.c4 g6 3.g3 Bg7 4.Bg2 O-O 5.O-O d6 6.d4 Nbd7 7.Nc3 e5 8.e4 c6
9.h3 Qa5 10.Re1 Re8 11.d5 cxd5 12.cxd5 b5 13.Bf1 a6 14.Bd2 Qc7 15.b4 Bb7
16.a4 bxa4 17.Qxa4 Rec8 18.Qb3 Nb6 19.Rec1 Qd8 20.Be3 Nfd7 21.Ra5 Rc7 22.b5 Nc5
23.Qb4 Nbd7 24.Rca1 Bc8 25.Nd2 f5 26.Nc4 f4 27.Bd2 Nf6 28.b6 Rb7 29.Nxd6 Bf8
30.Nxb7 Nxb7 31.Qb3 fxg3 32.fxg3 Nxa5 33.Rxa5 Rb8 34.Be3 Nh5 35.g4 Nf4 36.d6+ Kh8
37.Rxe5 Nxh3+ 38.Bxh3 Qh4 39.Bd4 Qg3+ 40.Bg2 Qe1+ 41.Kh2 Qh4+ 42.Bh3 Bxd6
43.Kg2  1-0

[Event "HUN-ch"]
[Site "?"]
[Date "1974.??.??"]
[Round "?"]
[White "Ribli, Zoltan"]
[Black "Rajna, George"]
[Result "1-0"]
[WhiteElo "2525"]
[BlackElo "2405"]

1.Nf3 Nf6 2.c4 b6 3.g3 Bb7 4.Bg2 e5 5.O-O d6 6.Nc3 Be7 7.d4 Nbd7 8.Re1 Qc8
9.e4 O-O 10.h3 a5 11.b3 Re8 12.Bb2 Bf8 13.a3 g6 14.Qc2 Bg7 15.Rad1 Nf8 16.Re2 h6
17.Kh2 Bc6 18.d5 Bd7 19.Ne1 g5 20.Nd3 Ng6 21.Rf1 Qd8 22.Bc1 Qe7 23.Be3 Kh8
24.b4 Bc8 25.c5 bxc5 26.bxc5 Nh5 27.Rb1 Rg8 28.Qd1 Bf8 29.Reb2 Nhf4 30.Bf1 Nxd3
31.Qxd3 dxc5 32.Na4 Nf4 33.Qd1 c4 34.Bc5 Qe8 35.gxf4 gxf4 36.Bxf8 Qxf8 37.Bxc4 Bg4
38.hxg4 h5 39.g5 Rxg5 40.Bf1 Kg7 41.Bh3 Ra6 42.Qf3 Rag6 43.Rc2 Qd8 44.Rc6 Rg2+
45.Bxg2 Qh4+ 46.Bh3  1-0